Представление документа в формате MARC21

Поле Инд. ПП Название Значение
Тип записи a
Библиографический уровень m
001 Контрольный номер d258d04b-4f9b-407a-a4c1-38d5bc6be1c1
005 Дата корректировки 20140226122826.8
008 Кодируемые данные 960430 d
020 a ISBN 5-7245-0941-5
c Цена, тираж 4 125-00
080 a Индекс УДК 536(075.8)
084 a Индекс другой классификации/Индекс ББК В317.1я731-1
090 c Каталожный индекс В317.1я731-1
x Авторский знак М56
a Полочн. индекс В317.1
100 1_ a Автор Мещеряков Анатолий Семенович
245 00 a Заглавие Термодинамика. Феноменологическая термомеханика
b Продолж. заглавия [Учеб. пособие для втузов]
260 0_ a Место издания Москва
b Издательство Химия
c Дата издания 1994
300 a Объем 347,[1] с.
b Иллюстрации/ тип воспроизводства ил.
440 a Серия Для высш. шк.
504 a Библиография Библиогр.: с.346-348 (68 назв.)
650 a Основная рубрика Термодинамика
x Основная подрубрика Учебники для вузов
653 a Ключевые слова Термодинамика
a Ключевые слова Учебники
700 1_ a Другие авторы Улыбин Сергей Архипович
852 p Инвентарный номер 656796
930 a Новая/Ретро Учебники
954 a Дата поступления на обработку 28.12.94
999 a Подразделение 2 Фил3